000 01108namaa2200313 cb4500
001 BV005305351
003 DE-70
005 20251120115023.0
007 tu
007 7
008 920527s1980 a||| |||| 00||| und d
020 _a9783839471937
_9978-3-8394-7193-7
024 _a9783839471937
_a978-3-8394-7193-7
040 _cRU-10907106
041 _ager
100 _aLoheit, Jan (Hrsg.); Pabst, Stephan (Hrsg.)
_4aut
_967637
245 _aTransformationsangst und Nostalgie
_büber die Vergangenheitssehnsucht der Gegenwart
_cJan Loheit, Stephan Pabst (Hg.)
264 _aBielefeld
_btranscript
_c2025
300 _a235 Seiten
336 _2rdacontent
_btxt
_aText
337 _2rdamedia
_bbc
_aComputermedien
338 _2rdacarrier
_bcr
_aOnline Ressource
490 _aEdition Kulturwissenschaft
_v297
500 _aE-Book / Open Access
506 _afrei zugänglich / Bitte beachten Sie die Lizenzbestimmungen im Dokument
655 _aOpen Access
856 _zfrei zugänglich
_uhttps://www.transcript-verlag.de/media/pdf/c1/58/df/oa9783839471937uZnRqfaMC6XHo.pdf
942 _cEB
_2z
999 _c73209
_d73209